BIBLIOTECA

SENCICO

200 recursos en el trabajo de la madera / (Registro nro. 9882)

Detalles MARC
000 -LEADER
Campo de control de longitud fija 01248nam a22002657a 4500
003 - IDENTIFICADOR DEL NÚMERO DE CONTROL
Campo de control PE SENCICO BE
005 - FECHA Y HORA DE LA ÚLTIMA TRANSACCIÓN
Campo de control 20260417200334.0
008 - ELEMENTOS DE LONGITUD FIJA - INFORMACIÓN GENERAL
Campo de control de longitud fija 260417b |||||||| |||| 00| 0 eng d
020 ## - ISBN
ISBN 0-237-44995-1
040 ## - FUENTE DE CATALOGACIÓN
Origen de catalogación PE SENCICO BE
Agencia que realiza la transcripción PE SENCICO BE
041 ## - CÓDIGO DE IDIOMA
Idioma del texto spa
082 ## - NÚMERO DE CLASIFICACIÓN DECIMAL DEWEY
Código de Clasificación Dewey 694
Notación Interna W34
100 1# - ASIENTO PRINCIPAL--NOMBRE PERSONAL
Autor Personal Wearing, Robert
9 (RLIN) 642
Término relacionado autor
245 1# - MENCIÓN DEL TITULO
Título 200 recursos en el trabajo de la madera /
Mención de responsabilidad Robert Wearing
250 ## - MENCIÓN DE EDICIÓN
Edición 4a ed.
260 ## - PUBLICACIÓN, DISTRIBUCIÓN, ETC. (PIE DE IMPRENTA)
Lugar de publicación, distribución, etc. Barcelona :
Nombre de la Editorial, Distribuidor, etc. Ediciones CEAC ;
Fecha de publicación, distribución, etc. 1991
300 ## - DESCRIPCIÓN FÍSICA
Paginación 208 paginas :
Otros detalles físicos gráficos ;
Dimensión 24 cm.
505 0# - NOTA DE CONTENIDO CON FORMATO PREESTABLECIDOE
Contenido o índice Dispositivos de fijación – Útiles para trazar – Herramientas – Accesorios para el torno – Accesorios para el taladro – Accesorios para la sierra circular.
520 3# - NOTA DE RESUMEN, ETC.
Resumen, etc. Es una antología de 200 útiles y dispositivos para el trabajador de la madera que van desde los útiles y elementos de fijación más sencillos, hasta los más complicados accesorios de mecanización y herramientas especiales. Este texto es un compendio de “trucos de oficio” ensayados y comprobados que permiten inspirarse para el trabajo en madera
650 10 - ASIENTO SECUNDARIO DE MATERIA - TERMINO TEMÁTICO
Término de tema o elemento de entrada de nombre geográfico Carpintería
9 (RLIN) 428
650 20 - ASIENTO SECUNDARIO DE MATERIA - TERMINO TEMÁTICO
Término de tema o elemento de entrada de nombre geográfico Construcciones de madera
9 (RLIN) 340
650 20 - ASIENTO SECUNDARIO DE MATERIA - TERMINO TEMÁTICO
Término de tema o elemento de entrada de nombre geográfico Madera
9 (RLIN) 310
910 ## - RESPONSABLE DEL REGISTRO
Coordinador de procesamiento de la información hfp
942 ## - ELEMENTOS DE KOHA
Fuente de clasificación o esquema de estanterías Dewey Decimal Classification
Tipo de documento Libros
999 ## -
-- 9882
-- 9882
Existencias
Estado Retiro Estado Perdido Sistema de Clasificación o Esquema de Estantería Estado Dañado No es para préstamo Ubicación Permanente Ubicación Actual Fecha de adquisición Total Checkouts Signatura topográfica completa Código de Barras Date last seen Precio efectivo desde Tipo de ítem
    Dewey Decimal Classification     Biblioteca Tacna Biblioteca Tacna 17/04/2026   694/W34/1991 BibZtacn26042621 17/04/2026 17/04/2026 Libros